| 000 | 00378nam a2200145Ia 4500 | ||
|---|---|---|---|
| 008 | 210210b1969 xxu||||| |||| 00| 0 eng d | ||
| 082 | _a545 BRUQ | ||
| 100 | _aBRUMBLAY (Ray U). | ||
| 245 | _aQuantitative analysis. | ||
| 260 |
_aNew York _bBarnes & Noble _c1969 |
||
| 300 | _axx,241 | ||
| 650 | _aQuantitative Analysis | ||
| 690 | _aQuantitative Chemistry | ||
| 906 | _aCC00308 | ||
| 999 |
_c109337 _d109337 |
||